| 000 | 00670nam a2200205 a 4500 | ||
|---|---|---|---|
| 001 | 21568 | ||
| 003 | CO-ViMGA | ||
| 008 | 141112s2004 ck r 000 u spa d | ||
| 020 | _a9586153436 | ||
| 040 |
_aCO-ViMGA _bspa _cCO-ViMGA |
||
| 082 | 0 | 4 | _aVASc |
| 100 | 1 |
_aVasco, Irene; Vallejo, Esperanza il. _930811 |
|
| 245 | 1 | 0 | _aComo todos los días |
| 260 |
_aBogotá : _bEducar editores S.A., _c1997 |
||
| 300 | _a104 | ||
| 490 | _aEl duende verde | ||
| 590 | _aForma de adquisición : Donación fact. 8850 - - Precio : 13950 - - Proveedor : Fundación exito - - Fecha de adquisición : Junio 2007 | ||
| 650 | 1 | 4 |
_aCUENTOS INFANTILES COLOMBIANOS _92369 |
| 942 |
_2ddc _cBK |
||
| 999 |
_c30150 _d30150 |
||